[Event "18th "]
[Site "Senta"]
[Date "2014.07.25"]
[Round "8.15"]
[White "Drogovoz, Maria"]
[Black "Sente, Damir"]
[Result "1/2-1/2"]
[WhiteElo "1952"]
[BlackElo "2093"]
[PlyCount "25"]
[EventDate "2014.07.19"]

1. e4 e5 2. Nf3 Nc6 3. Nc3 Nf6 4. Bb5 Bb4 5. O-O d6 6. d3 Bxc3 7. bxc3 h6 8. h3
Bd7 9. Re1 Ne7 10. Bxd7+ Qxd7 11. d4 Ng6 12. Rb1 b6 13. Qd3 1/2-1/2

[Event "18th "]
[Site "Senta"]
[Date "2014.07.25"]
[Round "8.18"]
[White "Kovacs, Arthur"]
[Black "Scepanovic, Labud"]
[Result "0-1"]
[WhiteElo "1997"]
[BlackElo "2144"]
[PlyCount "82"]
[EventDate "2014.07.19"]

1. d4 g6 2. c4 Bg7 3. Nc3 d6 4. e4 Nf6 5. Nf3 Nbd7 6. Be2 c6 7. O-O O-O 8. Re1
e5 9. Bf1 h6 10. h3 Re8 11. Rb1 a6 12. a4 Nf8 13. dxe5 dxe5 14. Qxd8 Rxd8 15.
Nxe5 Ne6 16. Nf3 Nc5 17. e5 Ne8 18. Be3 Bf8 19. Rbd1 Bf5 20. Nd4 Bd7 21. Rd2 a5
22. Red1 Rdc8 23. f4 Nc7 24. g4 Re8 25. f5 Bc8 26. Bf4 N7a6 27. Bg2 Nb4 28. Kh2
Bg7 29. fxg6 fxg6 30. Nf3 Be6 31. Bf1 Nb3 32. Rf2 Rf8 33. Bg3 Rf7 34. Ne4 Raf8
35. Kg2 Na6 36. Nd4 Rxf2+ 37. Nxf2 Nxd4 38. Rxd4 Nc5 39. Rd6 Re8 40. Rd1 Nxa4
41. Ra1 Nxb2 0-1

[Event "18th "]
[Site "Senta"]
[Date "2014.07.25"]
[Round "8.19"]
[White "Vlajkovic, Goran"]
[Black "Milanovic, Maja"]
[Result "1/2-1/2"]
[WhiteElo "2130"]
[BlackElo "1943"]
[PlyCount "33"]
[EventDate "2014.07.19"]

1. d4 Nf6 2. c4 c5 3. d5 b5 4. cxb5 a6 5. e3 g6 6. Nc3 Bg7 7. a4 O-O 8. Nf3 d6
9. e4 Nbd7 10. Ra3 axb5 11. Bxb5 Ba6 12. Qe2 Bxb5 13. Nxb5 Qb6 14. O-O Rfb8 15.
Nd2 Qa6 16. Nc4 Ne8 17. Bg5 1/2-1/2

[Event "18th "]
[Site "Senta"]
[Date "2014.07.25"]
[Round "8.20"]
[White "Sarnyai, Daniel"]
[Black "Marjanovics, Gyorgy"]
[Result "1-0"]
[WhiteElo "1851"]
[BlackElo "2070"]
[PlyCount "81"]
[EventDate "2014.07.19"]

1. c4 e5 2. Nc3 Nf6 3. Nf3 Nc6 4. g3 d5 5. cxd5 Nxd5 6. d3 Be7 7. Bg2 Nb6 8.
O-O Be6 9. b3 O-O 10. Bb2 f6 11. Rc1 a5 12. e3 Qd7 13. Nb5 Rac8 14. d4 Nb4 15.
Na3 e4 16. Ne1 Bg4 17. f3 exf3 18. Bxf3 Bxf3 19. Nxf3 N6d5 20. Qe2 Nxa2 21. Ra1
Nab4 22. Nc4 b5 23. Nxa5 Bd6 24. e4 Rfe8 25. Nb7 Qg4 26. e5 Nf4 27. Qxb5 fxe5
28. dxe5 Nfd3 29. exd6 cxd6 30. Nxd6 Rb8 31. Qc4+ Qxc4 32. Nxc4 Nc2 33. Ra7
Nxb2 34. Nxb2 Rxb3 35. Nc4 Rf8 36. Ng5 Rxf1+ 37. Kxf1 Rb8 38. Ne6 h6 39. Rxg7+
Kh8 40. Nd6 Rf8+ 41. Nf7+ 1-0

[Event "18th "]
[Site "Senta"]
[Date "2014.07.25"]
[Round "8.21"]
[White "Arsic, Djordje"]
[Black "Vucurovic, Nebojsa"]
[Result "1-0"]
[WhiteElo "2055"]
[BlackElo "1921"]
[PlyCount "61"]
[EventDate "2014.07.19"]

1. e4 e5 2. Bc4 Nf6 3. Qe2 Nc6 4. Nf3 Bc5 5. c3 Qe7 6. d3 d6 7. Nbd2 Bb6 8. h3
h6 9. Nf1 Na5 10. Bb5+ Bd7 11. Bxd7+ Qxd7 12. Ng3 g6 13. O-O Nc6 14. Rd1 O-O-O
15. a4 a6 16. b4 a5 17. b5 Ne7 18. d4 exd4 19. cxd4 Rde8 20. Bb2 Rhf8 21. Ne5
Qd8 22. Nc4 Kb8 23. Nxb6 cxb6 24. Qf3 Nfg8 25. d5 f5 26. e5 h5 27. exd6 Qxd6
28. Ba3 Qd7 29. d6 Nc8 30. Rac1 Ka7 31. Rc7 1-0

[Event "18th "]
[Site "Senta"]
[Date "2014.07.25"]
[Round "8.27"]
[White "Ridjicki, Nenad"]
[Black "Juhasz, Bencze"]
[Result "0-1"]
[WhiteElo "1852"]
[BlackElo "2033"]
[PlyCount "36"]
[EventDate "2014.07.19"]

1. e4 c5 2. Nf3 d6 3. c3 Nf6 4. Qc2 Bg4 5. Be2 Nc6 6. O-O e6 7. Re1 d5 8. d3
Qc7 9. h3 h5 10. Nbd2 O-O-O 11. d4 Bxf3 12. Bxf3 cxd4 13. exd5 Nxd5 14. cxd4
Nxd4 15. Qxc7+ Kxc7 16. Bd1 g6 17. Nf3 Bg7 18. Bf4+ Nxf4 0-1

[Event "18th "]
[Site "Senta"]
[Date "2014.07.26"]
[Round "9.1"]
[White "Atalik, Suat"]
[Black "Vucinic, Gojko"]
[Result "1-0"]
[WhiteElo "2550"]
[BlackElo "2313"]
[PlyCount "75"]
[EventDate "2014.07.19"]

1. d4 Nf6 2. c4 g6 3. Nc3 d5 4. Nf3 Bg7 5. cxd5 Nxd5 6. e4 Nxc3 7. bxc3 c5 8.
Rb1 O-O 9. Be2 Nc6 10. d5 Ne5 11. Nxe5 Bxe5 12. Rb3 Qc7 13. Qd2 e6 14. f4 Bg7
15. d6 Qc6 16. Kf2 c4 17. Rb4 e5 18. Qd5 Be6 19. Qxc6 bxc6 20. Bxc4 c5 21. Ra4
exf4 22. Bxe6 fxe6 23. Rc4 Be5 24. Rd1 Rad8 25. d7 Kf7 26. Rxc5 Kf6 27. Kf3 g5
28. c4 Bc3 29. Rd3 Ba1 30. Rb5 Rf7 31. Rb7 Ke5 32. c5 g4+ 33. Kxg4 Kxe4 34. Rd1
Rg8+ 35. Kh3 Bc3 36. Bxf4 Ba5 37. g3 e5 38. Bd2 1-0

[Event "18th "]
[Site "Senta"]
[Date "2014.07.26"]
[Round "9.2"]
[White "Nadj Hedjesi, Balind"]
[Black "Drogovoz, Irina"]
[Result "0-1"]
[WhiteElo "2414"]
[BlackElo "2073"]
[PlyCount "97"]
[EventDate "2014.07.19"]

1. e4 c5 2. Ne2 d6 3. g3 Nc6 4. Bg2 g6 5. c3 Bg7 6. d4 e5 7. d5 Nb8 8. f4 exf4
9. Bxf4 Nf6 10. Qa4+ Bd7 11. Qb3 Qc7 12. Nd2 Nh5 13. a4 Nxf4 14. gxf4 O-O 15.
Nc4 Bc8 16. O-O Nd7 17. Nc1 Nb6 18. Re1 Re8 19. e5 Nxc4 20. Qxc4 dxe5 21. Nd3
Bf5 22. Qxc5 Qxc5+ 23. Nxc5 b6 24. Na6 exf4 25. Nc7 Rxe1+ 26. Rxe1 Rd8 27. Nb5
Bg4 28. Nxa7 f3 29. Nc6 Rd6 30. h3 Bh5 31. Re8+ Bf8 32. Bf1 Kg7 33. Bc4 g5 34.
Nd4 Rf6 35. Kf2 g4 36. Re4 gxh3 37. Rh4 Kg6 38. Rxh3 Bg4 39. Bd3+ Kg5 40. Rxh7
Bc5 41. b4 Bxd4+ 42. cxd4 Bf5 43. Bc4 Bxh7 44. a5 bxa5 45. bxa5 Be4 46. a6 Rd6
47. a7 Rd8 48. Ke3 f5 49. d6 0-1

[Event "18th "]
[Site "Senta"]
[Date "2014.07.26"]
[Round "9.3"]
[White "Kiproski, Branislav"]
[Black "Nestorovic, Dejan"]
[Result "1-0"]
[WhiteElo "2139"]
[BlackElo "2408"]
[PlyCount "67"]
[EventDate "2014.07.19"]

1. Nf3 Nf6 2. c4 e6 3. Nc3 Bb4 4. g4 h6 5. Rg1 Nc6 6. h4 b6 7. g5 hxg5 8. hxg5
Ng8 9. d4 Qe7 10. Bf4 Ba6 11. e4 Na5 12. Nd2 c5 13. a3 Bxc3 14. bxc3 d6 15. e5
dxe5 16. Bxe5 f6 17. Qa4+ Kf8 18. gxf6 gxf6 19. Bf4 Rd8 20. dxc5 Qxc5 21. Ne4
Qf5 22. Bd6+ Rxd6 23. Nxd6 Qe5+ 24. Be2 Qxc3+ 25. Kf1 Qxa1+ 26. Kg2 Rh2+ 27.
Kxh2 Qe5+ 28. Kh3 Qxd6 29. Rd1 Qc6 30. Rd8+ Kf7 31. Bh5+ Kg7 32. Qd1 f5 33.
Qg1+ Kf6 34. Rxg8 1-0

[Event "18th "]
[Site "Senta"]
[Date "2014.07.26"]
[Round "9.4"]
[White "Jovanovic, Aleksandar D"]
[Black "Kosanovic, Goran A"]
[Result "0-1"]
[WhiteElo "2234"]
[BlackElo "2394"]
[PlyCount "106"]
[EventDate "2014.07.19"]

1. e4 e6 2. Qe2 e5 3. f4 d6 4. Nf3 Nc6 5. c3 exf4 6. d4 g5 7. g3 g4 8. Nh4 f3
9. Qc2 Be7 10. Bf4 Bxh4 11. gxh4 Qxh4+ 12. Bg3 Qe7 13. Nd2 h5 14. h3 h4 15.
hxg4 hxg3 16. Rxh8 f2+ 17. Kd1 Bxg4+ 18. Kc1 O-O-O 19. Qd3 Qf6 20. Rh3 Bxh3 21.
Bxh3+ Kb8 22. Qxg3 Nge7 23. Kc2 Rg8 24. Qe3 Qh4 25. Nf1 Ng6 26. Qf3 Nf4 27. Bd7
Rg1 28. Rd1 Nd8 29. e5 Ng2 30. Kb3 Ne1 31. Qe2 d5 32. Rd2 Qf4 33. Bh3 Nf3 34.
Rd1 Ng5 35. Qd3 a6 36. Bf5 Nde6 37. Kc2 Nf3 38. Kb3 Ne1 39. Qh3 Ng5 40. Qh8+
Ka7 41. Qc8 Ne6 42. Bxe6 fxe6 43. Qxc7 Qf8 44. Ne3 Nf3 45. Rd3 f1=Q 46. Nxf1
Rxf1 47. c4 Rc1 48. c5 Rc4 49. Qb6+ Ka8 50. a3 Ne1 51. Rh3 Nc2 52. Rh4 Qe8 53.
Ka2 Nxd4 0-1

[Event "18th "]
[Site "Senta"]
[Date "2014.07.26"]
[Round "9.5"]
[White "Zivkovic, Nemanja"]
[Black "Farkas, Tibor"]
[Result "1/2-1/2"]
[WhiteElo "2284"]
[BlackElo "2246"]
[PlyCount "34"]
[EventDate "2014.07.19"]

1. e4 c5 2. Nf3 d6 3. Bb5+ Bd7 4. Bxd7+ Qxd7 5. c4 e5 6. Nc3 Nc6 7. O-O g6 8.
b3 Bg7 9. Bb2 Nge7 10. Ne1 Nd4 11. Nd3 O-O 12. f4 exf4 13. Nxf4 Ne6 14. Qc2
Nxf4 15. Rxf4 f5 16. exf5 Rxf5 17. Ne2 Bxb2 1/2-1/2

[Event "18th "]
[Site "Senta"]
[Date "2014.07.26"]
[Round "9.6"]
[White "Simonyi, Zoltan"]
[Black "Miladinovic, Lena"]
[Result "1-0"]
[WhiteElo "2262"]
[BlackElo "2079"]
[PlyCount "77"]
[EventDate "2014.07.19"]

1. c4 Nf6 2. Nf3 c5 3. g3 b6 4. Bg2 Bb7 5. O-O e6 6. b3 d6 7. Nc3 a6 8. Bb2 Be7
9. e3 O-O 10. Rc1 Nbd7 11. d4 cxd4 12. exd4 Re8 13. Re1 Rc8 14. d5 exd5 15. Nd4
Ba8 16. cxd5 Bf8 17. Rxe8 Qxe8 18. Qd2 g6 19. Re1 Qd8 20. Nc6 Bxc6 21. dxc6 Ne5
22. Nd5 Nxd5 23. Bxd5 Qc7 24. f4 Nxc6 25. Rc1 Qe7 26. Bxc6 Bg7 27. Bxg7 Kxg7
28. Re1 Qf6 29. Bb7 Rc3 30. Bxa6 h5 31. Bf1 h4 32. Re3 Rc5 33. Rd3 Qf5 34. b4
Rc4 35. Rxd6 Qb1 36. a3 Rc1 37. Qd3 Qa2 38. Qd4+ Kf8 39. Qh8+ 1-0

[Event "18th "]
[Site "Senta"]
[Date "2014.07.26"]
[Round "9.7"]
[White "Jovicic, Radosav"]
[Black "Andrijevic, Milan"]
[Result "0-1"]
[WhiteElo "2141"]
[BlackElo "2336"]
[PlyCount "80"]
[EventDate "2014.07.19"]

1. Nf3 Nf6 2. g3 e6 3. Bg2 d5 4. O-O c5 5. d3 Nc6 6. Nbd2 Be7 7. e4 Qc7 8. Re1
b6 9. Ng5 h6 10. Nh3 dxe4 11. dxe4 e5 12. c3 Be6 13. f4 Rd8 14. f5 Bc8 15. Qe2
Nb8 16. a4 Ba6 17. Nc4 O-O 18. Bf1 Bxc4 19. Qxc4 Nc6 20. Qa2 Na5 21. b3 c4 22.
b4 Nb3 23. Rb1 Rc8 24. Nf2 Nxc1 25. Rexc1 a6 26. Qc2 b5 27. a5 Qa7 28. Qe2 Rfd8
29. Rd1 Rd3 30. Rxd3 cxd3 31. Qxd3 Ng4 32. Rb2 Bg5 33. Kg2 Ne3+ 34. Kg1 Rd8 35.
Qe2 Nd1 36. Rc2 Nxf2 37. Kg2 Nd1 38. h4 Ne3+ 39. Kh2 Nxc2 40. hxg5 Na3 0-1

[Event "18th "]
[Site "Senta"]
[Date "2014.07.26"]
[Round "9.8"]
[White "Obodchuk, Andrei"]
[Black "Radusinovic, Lazar"]
[Result "0-1"]
[WhiteElo "2374"]
[BlackElo "2318"]
[PlyCount "64"]
[EventDate "2014.07.19"]

1. d4 d5 2. c4 c6 3. Nf3 Nf6 4. Nc3 dxc4 5. a4 Bf5 6. Ne5 Nbd7 7. Nxc4 Qc7 8.
g3 Rd8 9. Bf4 Qc8 10. Bg2 Nc5 11. O-O Bh3 12. f3 Bxg2 13. Kxg2 Ne6 14. Be3 h5
15. Qb3 g5 16. Ne5 Bg7 17. Rad1 Nd5 18. Bg1 h4 19. Nxd5 Rxd5 20. e4 hxg3 21.
hxg3 Nc5 22. Qc4 Qh3+ 23. Kf2 Bxe5 24. dxe5 Rxe5 25. Qd4 f6 26. b4 Ne6 27. Qxa7
g4 28. Qxb7 gxf3 29. Qxc6+ Kf7 30. Ke3 Qxg3 31. Rxf3 Qg5+ 32. Kd3 Rd8+ 0-1

[Event "18th "]
[Site "Senta"]
[Date "2014.07.26"]
[Round "9.11"]
[White "Vranic, Ljubomir"]
[Black "Csikos, Mihaly"]
[Result "1/2-1/2"]
[WhiteElo "2218"]
[BlackElo "2058"]
[PlyCount "77"]
[EventDate "2014.07.19"]

1. d4 Nf6 2. c4 e5 3. dxe5 Ng4 4. Bf4 Nc6 5. Nf3 Bb4+ 6. Nc3 Qe7 7. Qd5 Bxc3+
8. bxc3 Qa3 9. Qd2 Qc5 10. e3 b6 11. h3 Ngxe5 12. Nxe5 Nxe5 13. Qd4 d6 14. Qxc5
bxc5 15. Bxe5 dxe5 16. Rb1 Bd7 17. Rb7 Kd8 18. Rb3 Bc6 19. f3 Ke7 20. Bd3 Rhb8
21. Kf2 g6 22. g4 Rb6 23. Kg3 Rd8 24. Bb1 Rd2 25. Ra3 a6 26. Rg1 Ke6 27. g5
Rdb2 28. Bd3 Rd2 29. Bb1 Rdb2 30. Be4 Bxe4 31. fxe4 Re2 32. Kf3 Rh2 33. Kg4 Re2
34. Rg3 f5+ 35. gxf6 Kxf6 36. Rf3+ Kg7 37. Ra5 Rc6 38. Kg3 Rc2 39. Ra3 1/2-1/2

[Event "18th "]
[Site "Senta"]
[Date "2014.07.26"]
[Round "9.12"]
[White "Nagy, Attila N"]
[Black "Arsic, Djordje"]
[Result "1-0"]
[WhiteElo "2212"]
[BlackElo "2055"]
[PlyCount "43"]
[EventDate "2014.07.19"]

1. Nf3 Nf6 2. g3 e6 3. Bg2 c5 4. c4 Nc6 5. O-O Be7 6. Nc3 O-O 7. d4 cxd4 8.
Nxd4 a6 9. Nb3 d6 10. Bf4 Qc7 11. Rc1 Ne5 12. c5 dxc5 13. Nxc5 Nh5 14. Nxe6
Bxe6 15. Nd5 Qd7 16. Bxe5 Rad8 17. Rc7 Qxd5 18. Bxd5 Rxd5 19. Rxe7 Rxd1 20.
Rxd1 Nf6 21. Rxb7 Bxa2 22. b3 1-0

[Event "18th "]
[Site "Senta"]
[Date "2014.07.26"]
[Round "9.13"]
[White "Cvetanovic, Damjan"]
[Black "Popov, Stevan"]
[Result "1-0"]
[WhiteElo "2027"]
[BlackElo "2189"]
[PlyCount "97"]
[EventDate "2014.07.19"]

1. d4 Nf6 2. c4 e6 3. g3 d5 4. Nf3 c6 5. Bg2 Be7 6. O-O Nbd7 7. Nbd2 O-O 8. b3
Re8 9. Bb2 b6 10. Ne5 Bb7 11. e4 dxc4 12. Nxd7 Nxd7 13. Nxc4 Qc7 14. Rc1 Rad8
15. Qc2 Qb8 16. Rfe1 Bf8 17. f4 Nf6 18. Ne3 c5 19. d5 exd5 20. Bxf6 gxf6 21.
exd5 Qc8 22. Qd1 Qd7 23. Qh5 Bc8 24. f5 Re5 25. Rc4 h6 26. Be4 Qe7 27. Ng4 Rxf5
28. Nxh6+ Bxh6 29. Qxh6 Rdxd5 30. g4 b5 31. gxf5 bxc4 32. Re3 Rd1+ 33. Kf2 Qd6
34. Rg3+ Qxg3+ 35. hxg3 Rd4 36. Qe3 Ba6 37. Bc2 Kg7 38. bxc4 Bxc4 39. Bb3 Bxb3
40. axb3 Rb4 41. Qxc5 Rxb3 42. Qxa7 Rb4 43. Kf3 Rb3+ 44. Kg4 Rb4+ 45. Kh3 Rb3
46. Qd4 Rb5 47. g4 Re5 48. Kg3 Re1 49. g5 1-0

[Event "18th "]
[Site "Senta"]
[Date "2014.07.26"]
[Round "9.14"]
[White "Scepanovic, Labud"]
[Black "Solymosi, Andras"]
[Result "1-0"]
[WhiteElo "2144"]
[BlackElo "1858"]
[PlyCount "99"]
[EventDate "2014.07.19"]

1. g3 Nf6 2. Bg2 g6 3. d3 d5 4. c3 Bg7 5. Nf3 O-O 6. O-O c5 7. Nbd2 Nc6 8. e4
d4 9. cxd4 Nxd4 10. Nxd4 Qxd4 11. Nb3 Qd6 12. Bf4 e5 13. Be3 b6 14. Qc2 Ba6 15.
Rfd1 Rad8 16. Bf1 Rd7 17. Be2 h5 18. f3 Nh7 19. a4 f5 20. a5 Bb5 21. axb6 axb6
22. Nxc5 bxc5 23. Qb3+ Kh8 24. Qxb5 Rb8 25. Qxc5 Rxb2 26. Ra8+ Nf8 27. Qxd6
Rxd6 28. Rd2 Rb1+ 29. Kg2 Kh7 30. Rc2 Ne6 31. Ra7 f4 32. Bf2 Kh6 33. Bf1 Rb8
34. Kg1 Rb1 35. Kg2 Rb8 36. Rca2 Rbd8 37. Rb7 R8d7 38. Rxd7 Rxd7 39. Ra6 Re7
40. Be2 g5 41. gxf4 gxf4 42. Bh4 Re8 43. Bd1 Kh7 44. Ba4 Nc5 45. Bxe8 Nxa6 46.
Be7 Nc7 47. Bd7 Kg8 48. Bd6 Na8 49. Bc6 Nb6 50. Bc5 1-0

[Event "18th "]
[Site "Senta"]
[Date "2014.07.26"]
[Round "9.16"]
[White "Savic, Dragan"]
[Black "Sarnyai, Daniel"]
[Result "1-0"]
[WhiteElo "2104"]
[BlackElo "1851"]
[PlyCount "109"]
[EventDate "2014.07.19"]

1. e4 c5 2. Nf3 e6 3. c3 Nf6 4. e5 Nd5 5. d4 cxd4 6. Nxd4 d6 7. exd6 Bxd6 8.
Nb5 a6 9. Nxd6+ Qxd6 10. Be2 Qc7 11. Bf3 Nf6 12. Be3 O-O 13. O-O e5 14. Nd2 Bf5
15. Qa4 Nc6 16. Bxc6 bxc6 17. f3 Rfe8 18. c4 e4 19. Rae1 exf3 20. Nxf3 Bd3 21.
Rf2 Ne4 22. Rc2 Bxc2 23. Qxc2 Nf6 24. h3 Rad8 25. Bf2 Rxe1+ 26. Nxe1 Qd6 27.
Qa4 c5 28. Qa5 Ne4 29. Nf3 Nxf2 30. Kxf2 g6 31. a3 Re8 32. b4 cxb4 33. axb4 Qe6
34. c5 f5 35. Qc7 Qe3+ 36. Kg3 Qe4 37. Qd7 f4+ 38. Kg4 Rf8 39. Qxh7+ Kxh7 40.
Ng5+ Kg7 41. Nxe4 Rb8 42. c6 Rxb4 43. c7 Rc4 44. Nd6 Rxc7 45. Ne8+ Kh6 46. Nxc7
a5 47. Kxf4 Kh5 48. g3 g5+ 49. Kf5 Kh6 50. g4 Kg7 51. Kxg5 Kh7 52. Kf6 Kh8 53.
Kf7 a4 54. g5 a3 55. g6 1-0

[Event "18th "]
[Site "Senta"]
[Date "2014.07.26"]
[Round "9.17"]
[White "Fabian, Janos"]
[Black "Vlajkovic, Goran"]
[Result "0-1"]
[WhiteElo "1793"]
[BlackElo "2130"]
[PlyCount "82"]
[EventDate "2014.07.19"]

1. d4 d5 2. c4 c6 3. e3 Nf6 4. Nc3 a6 5. a4 e6 6. c5 Nbd7 7. b4 e5 8. Be2 g6 9.
Bb2 exd4 10. Qxd4 Bg7 11. Qd2 O-O 12. Nf3 a5 13. Na2 Ne4 14. Qc2 axb4 15. Bxg7
Kxg7 16. Nxb4 Qf6 17. O-O Qc3 18. Qxc3+ Nxc3 19. Bd1 Nxc5 20. a5 Bg4 21. Bc2
Bxf3 22. gxf3 Ra7 23. Ra3 Nb5 24. Ra2 Rfa8 25. Rfa1 Nd6 26. Kg2 Nc4 27. a6 Nxa6
28. Bb3 Nd6 29. Bd1 Nc8 30. Nd3 Nc7 31. Rxa7 Rxa7 32. Rxa7 Nxa7 33. Ne5 Kf6 34.
f4 Ke6 35. e4 dxe4 36. Bb3+ Nd5 37. Kg3 Nb5 38. Nc4 Nd4 39. Bd1 Nc3 40. Ne3 b5
41. Nc2 Nf5+ 0-1

[Event "18th "]
[Site "Senta"]
[Date "2014.07.26"]
[Round "9.18"]
[White "Pajzer, Istvan"]
[Black "Toth, Kazmer"]
[Result "1/2-1/2"]
[WhiteElo "2116"]
[BlackElo "1964"]
[PlyCount "109"]
[EventDate "2014.07.19"]

1. d4 Nf6 2. c4 g6 3. Nc3 c6 4. e4 d6 5. f3 Bg7 6. Be3 Nbd7 7. Qd2 Qa5 8. O-O-O
a6 9. Kb1 b5 10. g4 O-O 11. Bh6 bxc4 12. Bxg7 Kxg7 13. Bxc4 d5 14. exd5 cxd5
15. Nxd5 Qxd2 16. Rxd2 Bb7 17. Nxf6 Nxf6 18. h3 Rfd8 19. Rhh2 e6 20. h4 a5 21.
h5 Nd5 22. hxg6 hxg6 23. Nh3 Ne3 24. Be2 Rh8 25. Rd3 Nd5 26. Bf1 Bc6 27. Rdd2
f6 28. b3 g5 29. Bc4 Rae8 30. Bxd5 Bxd5 31. f4 Kg6 32. fxg5 fxg5 33. Ng1 Ref8
34. Rxh8 Rxh8 35. Kb2 Rh4 36. Ne2 Rxg4 37. Nc3 Rg2 38. Rxg2 Bxg2 39. Kc2 Kf5
40. Kd3 Kf4 41. Ke2 Bf3+ 42. Kf1 Ke3 43. a3 Kxd4 44. Nb5+ Ke3 45. Nc7 e5 46. b4
axb4 47. axb4 g4 48. b5 g3 49. b6 Kd4 50. Ne6+ Kd3 51. Nc5+ Kd2 52. b7 Bxb7 53.
Nxb7 e4 54. Nc5 e3 55. Ne4+ 1/2-1/2

[Event "18th "]
[Site "Senta"]
[Date "2014.07.26"]
[Round "9.19"]
[White "Milanovic, Maja"]
[Black "Juhasz, Bencze"]
[Result "0-1"]
[WhiteElo "1943"]
[BlackElo "2033"]
[PlyCount "107"]
[EventDate "2014.07.19"]

1. e4 c5 2. Nf3 d6 3. d4 cxd4 4. Nxd4 Nf6 5. Nc3 g6 6. Be2 Bg7 7. Bg5 Nc6 8.
Nb3 Be6 9. O-O O-O 10. Kh1 Rc8 11. f4 Na5 12. f5 Bd7 13. Nxa5 Qxa5 14. Bxf6
Bxf6 15. Nd5 Bg5 16. f6 exf6 17. Ne7+ Kg7 18. Nxc8 Bxc8 19. Qxd6 Rd8 20. Qg3
Qb4 21. h4 Bh6 22. Qf3 f5 23. exf5 Qxh4+ 24. Qh3 Qxh3+ 25. gxh3 Bxf5 26. Rxf5
gxf5 27. Rd1 Re8 28. Bf3 Re7 29. Rd5 Kf6 30. Rd6+ Kg5 31. Kg2 Bg7 32. c3 Kf4
33. Rd1 b6 34. Rf1 Kg5 35. Rd1 Be5 36. Rd5 f6 37. a4 Kh4 38. Kf2 Kxh3 39. Bg2+
Kg4 40. Rd3 h5 41. Rf3 f4 42. Rd3 Kh4 43. Rh3+ Kg5 44. Bf3 Rh7 45. Rh1 Bd6 46.
Be4 f5 47. Bf3 Bc5+ 48. Kg2 h4 49. Rd1 a5 50. Rd5 Re7 51. Rd3 Re1 52. Rd1 Re3
53. Rh1 Rd3 54. Be2 0-1

[Event "18th "]
[Site "Senta"]
[Date "2014.07.26"]
[Round "9.20"]
[White "Penjov, Damjan"]
[Black "Mrzic, Branko"]
[Result "1-0"]
[WhiteElo "2032"]
[BlackElo "1866"]
[PlyCount "86"]
[EventDate "2014.07.19"]

1. e4 c5 2. Nf3 Nc6 3. d4 cxd4 4. Nxd4 e6 5. Nc3 a6 6. Be2 Bb4 7. O-O Nf6 8.
Qd3 d5 9. exd5 Nxd5 10. Nxc6 bxc6 11. Ne4 Be7 12. Rd1 Qc7 13. c4 Nf6 14. Bg5
Bb7 15. Nxf6+ gxf6 16. Be3 c5 17. Rd2 Rd8 18. Qc2 Rxd2 19. Qxd2 Rg8 20. Bf1 Qc6
21. f4 Qc7 22. Rd1 Bc6 23. g3 h5 24. Bg2 h4 25. Bxc6+ Qxc6 26. Qg2 Qxg2+ 27.
Kxg2 f5 28. Rd3 f6 29. Ra3 hxg3 30. hxg3 Kd7 31. Rxa6 e5 32. Ra3 Rb8 33. b3 Rc8
34. Ra7+ Ke6 35. Rb7 Rc6 36. a4 Bd8 37. Rb8 Kd7 38. a5 Be7 39. Kf3 e4+ 40. Ke2
Bd8 41. Kd2 Be7 42. a6 Ke6 43. a7 Ra6 1-0

[Event "18th "]
[Site "Senta"]
[Date "2014.07.26"]
[Round "9.23"]
[White "Nestorovic, Irena"]
[Black "Csomos, Janos"]
[Result "1-0"]
[WhiteElo "2018"]
[BlackElo "1848"]
[PlyCount "69"]
[EventDate "2014.07.19"]

1. d4 Nf6 2. c4 e6 3. Nc3 d5 4. Bg5 Nbd7 5. cxd5 exd5 6. e3 Be7 7. Bd3 O-O 8.
h3 Re8 9. Nge2 Nf8 10. Qc2 c6 11. Bf4 Bd6 12. Bxd6 Qxd6 13. O-O-O b5 14. Kb1 a5
15. Rc1 Bd7 16. Bf5 Ne6 17. g4 g6 18. Bxe6 Rxe6 19. Nf4 Ree8 20. Nd3 Ne4 21.
Nxe4 dxe4 22. Nc5 Rac8 23. Nxe4 Qe7 24. Nc5 Be6 25. f3 Red8 26. Qf2 a4 27. Ka1
Bc4 28. h4 Qf6 29. h5 g5 30. Ne4 Qe6 31. Nxg5 Qd5 32. Ne4 Kh8 33. h6 b4 34. Qc2
Bxa2 35. Nf6 1-0

[Event "18th "]
[Site "Senta"]
[Date "2014.07.26"]
[Round "9.24"]
[White "Lazov, Toni"]
[Black "Lorincz, Laszlo"]
[Result "1-0"]
[WhiteElo "2001"]
[BlackElo "1765"]
[PlyCount "63"]
[EventDate "2014.07.19"]

1. e4 c5 2. Nf3 Nc6 3. Bb5 Nd4 4. Nxd4 cxd4 5. O-O a6 6. Bc4 e6 7. d3 Ne7 8.
Bg5 b5 9. Bb3 Bb7 10. f4 h6 11. Bh4 Qc7 12. f5 Nc6 13. Qh5 Bd6 14. fxe6 dxe6
15. Bxe6 O-O 16. Bb3 Bxh2+ 17. Kh1 Bf4 18. Qg4 Be3 19. Bf6 Bg5 20. Bxg5 hxg5
21. Qxg5 Rad8 22. Rf3 Qe5 23. Qg6 Rd7 24. Rh3 Rfd8 25. Nd2 Na5 26. Rh5 Qf6 27.
Qh7+ Kf8 28. Rf1 Qxf1+ 29. Nxf1 Nxb3 30. cxb3 g6 31. Qh8+ Ke7 32. Qe5+ 1-0

[Event "18th "]
[Site "Senta"]
[Date "2014.07.26"]
[Round "9.28"]
[White "Farkas, Sandor I"]
[Black "Besedes, Danilo"]
[Result "0-1"]
[WhiteElo "1901"]
[BlackElo "2029"]
[PlyCount "62"]
[EventDate "2014.07.19"]

1. e4 e5 2. d4 exd4 3. Qxd4 Nc6 4. Qe3 Nf6 5. Nc3 Bb4 6. Bd2 O-O 7. O-O-O Re8
8. Bc4 d6 9. f3 Na5 10. Qd3 Nxc4 11. Qxc4 a5 12. a3 Bc5 13. Nge2 Be6 14. Qd3 c6
15. a4 b5 16. axb5 a4 17. Be3 Bxe3+ 18. Qxe3 a3 19. bxa3 Qa5 20. a4 cxb5 21.
axb5 Nd7 22. Kd2 Ne5 23. Ke1 Bc4 24. Kf2 Bxe2 25. Kxe2 Rac8 26. Ra1 Qxc3 27.
Qxc3 Rxc3 28. Kd2 Rec8 29. Rhc1 R3c5 30. Ra6 Rxb5 31. c4 Rbc5 0-1

[Event "Otvoreno Prvenstvo Sente 2015"]
[Site "Senta"]
[Date "2015.01.30"]
[Round "1.1"]
[White "Farkas, Tibor"]
[Black "Grbin, Stefan"]
[Result "1-0"]
[WhiteElo "2244"]
[BlackElo "1711"]
[PlyCount "41"]
[EventDate "2015.01.30"]

1. e4 e6 2. d4 d5 3. Nc3 Bb4 4. e5 c5 5. a3 cxd4 6. axb4 dxc3 7. Nf3 Ne7 8. Qd4
cxb2 9. Bxb2 Nbc6 10. Qd2 Ng6 11. b5 Nce7 12. h4 h5 13. Bd3 Bd7 14. O-O Qc7 15.
g3 b6 16. Rfe1 Qb7 17. Ng5 Qc8 18. Ra3 Qb8 19. Qe2 Qc8 20. Bd4 Qb8 21. Qf3 1-0

[Event "Otvoreno Prvenstvo Sente 2015"]
[Site "Senta"]
[Date "2015.01.30"]
[Round "1.2"]
[White "Nagy, Aleksz M"]
[Black "Simonyi, Zoltan"]
[Result "0-1"]
[WhiteElo "1681"]
[BlackElo "2243"]
[PlyCount "40"]
[EventDate "2015.01.30"]

1. e4 g6 2. d4 Bg7 3. c4 d6 4. Nc3 e5 5. d5 Nh6 6. Bd3 O-O 7. Nge2 f5 8. g3 Nd7
9. Be3 Ng4 10. Qd2 Nxe3 11. Qxe3 f4 12. gxf4 exf4 13. Qd2 f3 14. Ng3 Qh4 15.
Nf1 Ne5 16. Ne3 Bh3 17. O-O-O Nxd3+ 18. Qxd3 Qxf2 19. Kb1 Rae8 20. Rd2 Qh4 0-1

[Event "Otvoreno Prvenstvo Sente 2015"]
[Site "Senta"]
[Date "2015.01.30"]
[Round "1.3"]
[White "Nagy, Attila N"]
[Black "Bacsa, Zoltan"]
[Result "1-0"]
[WhiteElo "2202"]
[BlackElo "1647"]
[PlyCount "87"]
[EventDate "2015.01.30"]

1. Nf3 Nf6 2. d4 d5 3. c4 e6 4. Nc3 b6 5. Bg5 Be7 6. e3 h6 7. Bh4 Bb7 8. Rc1
O-O 9. Bd3 dxc4 10. Bxc4 Ne4 11. Bxe7 Qxe7 12. O-O Nd7 13. Bd3 Nxc3 14. Rxc3
Nf6 15. Rc1 Rac8 16. Qa4 a5 17. Qb5 Rfd8 18. Ne5 Qe8 19. Qb3 Ne4 20. Rfd1 Bd5
21. Qc2 f5 22. Nc6 Bxc6 23. Qxc6 Qxc6 24. Rxc6 Nd6 25. Rdc1 Rd7 26. Kf1 Kf7 27.
Ke2 Kf6 28. f3 g6 29. e4 Ne8 30. Bc4 Re7 31. Bb5 Kf7 32. e5 g5 33. Ke3 Rd8 34.
R6c2 Rc8 35. g3 Kf8 36. f4 g4 37. Rc6 Rd8 38. Bc4 Kf7 39. Bb3 h5 40. a3 Rb8 41.
d5 exd5 42. Bxd5+ Kg7 43. Re6 Rxe6 44. Bxe6 1-0

[Event "Otvoreno Prvenstvo Sente 2015"]
[Site "Senta"]
[Date "2015.01.30"]
[Round "1.4"]
[White "Olajos, Gyozo"]
[Black "Vranic, Ljubomir"]
[Result "0-1"]
[WhiteElo "1647"]
[BlackElo "2199"]
[PlyCount "72"]
[EventDate "2015.01.30"]

1. d4 Nf6 2. Bf4 d6 3. Nf3 g6 4. e3 Bg7 5. Nc3 O-O 6. Bc4 Nbd7 7. h3 c5 8. Qd2
Nb6 9. Be2 Nfd5 10. Bg3 Nxc3 11. Qxc3 Bf5 12. Rd1 Rc8 13. Qd2 cxd4 14. Nxd4 Be4
15. f3 Bd5 16. e4 Bc4 17. c3 a6 18. Bxc4 Nxc4 19. Qe2 Qa5 20. b4 Qa3 21. O-O
Qxc3 22. Bf2 b5 23. Rd3 Qxb4 24. Be1 Qb2 25. Qxb2 Nxb2 26. Rd2 Rc4 27. Bf2 Rfc8
28. Rxb2 Rxd4 29. Re2 Rdc4 30. Be3 Rc2 31. Rc1 Rxc1+ 32. Bxc1 Rxc1+ 33. Kh2 h5
34. Kg3 Bd4 35. f4 Rc3+ 36. Kh4 Bf6# 0-1